Norwegen (Record no. 1313)
[ view plain ]
| 000 -Satzkennung | |
|---|---|
| Kontrollfeld mit fester Länge | 00392nam a22001457a 4500 |
| 003 - Kontrollnummer Identifier | |
| Kontrollfeld | OSt |
| 005 - Datum und Zeit der letzten Transaktion | |
| Kontrollfeld | 20260310164514.0 |
| 008 - Feld mit fester Länge zur physischen Beschreibung - Allgemeine Angaben | |
| Kontrollfeld mit fester Länge | 260310b |||||||| |||| 00| 0 eng d |
| 020 ## - Internationale Standardbuchnummer | |
| Internationale Standardbuchnummer | 9783763344352 |
| 040 ## - Katalogisierungsquelle | |
| Übertragungsstelle | a |
| 245 ## - Titel | |
| Titel | Norwegen |
| Zusatz zum Titel | Jotunheimen - Rondane |
| Verfasserangabe etc. | Bernhard Pollmann |
| 260 ## - Publikation, Vertrieb usw. | |
| Erscheinungsort, Vertriebsort etc. | München |
| Name des Verlags, des Vertriebs etc. | Bergverlag Rother GmbH |
| Erscheinungsjahr, Vertriebsjahr etc. | 2017 |
| 630 ## - Nebeneintragung unter einem Schlagwort - Einheitstitel | |
| Einheitstitel | Wanderbuch |
| Sprache eines Werkes | Deutsch |
| Geografische Unterteilung | Norwegen |
| 942 ## - Zusätzliche Felder (Koha) | |
| Klassifikation oder Aufstellungssystematik | Andere/Generische Klassifikation |
| Koha-Medientyp | Bücher |
| OPAC-Anzeige unterdrücken | Nein |
| Ausgeschieden Status | Verloren-Status | Klassifikation oder Aufstellungssystematik | Beschädigt-Status | Nicht ausleihbar | Heimatbibliothek | Aktuelle Bibliothek | Zugangsdatum | Anzahl Ausleihen | Barcode | Letzte Aktivität | Preis gültig ab | Koha-Medientyp |
|---|---|---|---|---|---|---|---|---|---|---|---|---|
| Andere/Generische Klassifikation | Geschäftsstelle | Geschäftsstelle | 10.03.2026 | GS26030025 | 10.03.2026 | 10.03.2026 | Bücher |